000 01063pam a2200289 a 4500
001 2455905
003 NUST - PNEC
005 20170116180814.0
008 891228s1990 nyua b 001 0 eng
010 _a 89078541
020 _a0066324300
040 _aDLC
_cLIBRARY
_dDLC
050 0 0 _aPE1128.A2
_bN34 1990
082 0 0 _a428.007 NAT
100 1 _aNation, I. S. P.
245 1 0 _aTeaching and learning vocabulary /
_cI.S.P. Nation.
260 _aNew York :
_bNewbury House Publishers,
_cc1990.
300 _axi, 275 p. :
_bill. ;
_c24 cm.
500 _aCover title: Teaching & learning vocabulary.
504 _aIncludes bibliographical references (p. 193-232) and index.
650 0 _aEnglish language
_xStudy and teaching
_xForeign speakers.
650 0 _aVocabulary
_xStudy and teaching., General
740 0 _aTeaching & learning vocabulary.
906 _a7
_bcbc
_corignew
_d1
_eopcn
_f19
_gy-gencatlg
942 _2ddc
_cBK
999 _c63466
_d63466